Komunitný sprievodca v Pentagone a Vrakuni

Bibliographic Details
Format: Book
Language:Slovak
PhysicalDescription:15 strán fotografie 15 cm
Published: [Bratislava] OZ Odyseus 2018
ISBN:9788097204723
Series:Chráň sa sám
Subjects:

MARC

LEADER 00000nam a2200000 4500
001 vtls012133417
003 SK-MaSNL
005 20260301055506.0
008 230501s2018 xo o g f 000 0 slo
015 |a SNBE2022 
020 |a 9788097204723  |q (brožované) 
035 |a urn:nbn:sk:snk-am00ibtf 
035 |a FEBABBF1-F461-48B5-8FA2-0E2540E3BC48 
040 |a SNK  |b slo  |c SNK  |e rda 
041 0 |a slo 
043 |a e-xo--- 
044 |a xo  |c SK 
072 7 |a 364-1/-7  |x Druhy sociálnej pomoci a služieb  |2 konspekt 
080 |a 364-7  |2 2011 
080 |a 364-5-154  |2 2011 
080 |a 364-78-154  |2 2011 
080 |a (437.6)  |2 2011 
080 |a (036)  |2 2011 
245 0 0 |a Komunitný sprievodca v Pentagone a Vrakuni 
264 1 |a [Bratislava]  |b OZ Odyseus  |c 2018 
300 |a 15 strán  |b fotografie  |c 15 cm 
336 |a text  |b txt  |2 rdacontent 
337 |a bez média  |b n  |2 rdamedia 
338 |a zväzok  |b nc  |2 rdacarrier 
490 1 |a Chráň sa sám  |v č. 23 
500 |a Miesto vydania podľa NA ISBN 
500 |a Názov z obálky 
650 0 7 |a komunitné centrá  |2 SNKPH  |9 63599 
650 0 7 |a komunitná práca  |2 SNKPH  |9 68358 
650 0 7 |a sociálne služby  |2 SNKPH  |9 3721 
650 0 7 |a Social service  |2 SNKPHeng  |9 267835 
650 0 7 |a Community centers  |2 SNKPHeng  |9 340951 
650 0 7 |a Community work  |2 SNKPHeng  |9 313108 
651 7 |a Vrakuňa (Bratislava II, Slovensko)  |2 SNKPH  |9 70103 
651 7 |a Vrakuňa (Bratislava II, Slovakia)  |2 SNKPHeng  |9 369194 
655 7 |a sprievodcovia (publikácie)  |2 SNKPH  |9 219172 
655 7 |a Guidebooks  |2 SNKPHeng  |9 268010 
830 0 |a Chráň sa sám  |9 331765 
852 |a Slovenská národná knižnica 
919 |a 978-80-972047-2-3 
954 |a iná literatúra (príručky, kuchárske knihy, hobby literatúra, sprievodcovia) pôvodná (slovenská)  |2 lita 
999 |c 613474  |d 615404 
952 |a SNK  |b SNK  |y PREZ  |7 0  |p 17A1482487  |o snkOSE 5530  |i snk2022/6595  |8 0  |0 0  |1 0  |4 0  |d 2022-05-03  |f 1  |l 0  |r 2026-02-23 16:30:19  |w 2026-02-23